La croisade "anti-genre" : du Vatican aux manifs pour tous /

Gespeichert in:
Bibliographische Detailangaben
1. Verfasser: Garbagnoli, Sara
Weitere Verfasser: Prearo, Massimo
Format: Buch
Sprache:Französisch
Veröffentlicht: Paris : Textuel, 2017
Tags: Tag hinzufügen
Keine Tags, Fügen Sie das erste Tag hinzu!

MARC

LEADER 00000nam a22000007i 4500
001 IT\ICCU\UBO\4399958
003 ItRI
005 20260115232019.0
008 190726s2017 fr |||||| ||||| |||||c
020 |a 9782845975897 
040 |b ita  |c importazione bologna sebina 
041 7 |a fre  |2 ISO-639-2 
100 1 |a Garbagnoli, Sara  |0 IT\ICCU\UBOV\354104 
240 1 3 |a La croisade «anti-genre» du Vatican aux manifs pour tous  |3 IT\ICCU\RL1\0009562  |9 Garbagnoli, Sara 
245 1 3 |a La croisade "anti-genre" :  |b du Vatican aux manifs pour tous /  |c Sara Garbagnoli, Massimo Prearo. 
260 |a Paris :  |b Textuel,  |c 2017 
300 |a 127 p. ;  |c 20 cm 
700 1 |a Prearo, Massimo  |0 IT\ICCU\BCTV\009416 
942 |2 ddc  |c BK  |n 0 
952 |0 0  |1 0  |4 0  |6 DOC_306_766000000000000_GAR  |7 0  |9 18898  |a BO  |b BO  |d 2026-01-15  |i 19027  |l 0  |o DOC 306.766 GAR  |p BO19027  |r 2026-01-15 23:20:19  |w 2026-01-15  |x [Sebina 5] [1 v.]  |y BK  |z 1 v. 
999 |c 16057  |d 16057